Top 10 Città più popolose Provincia di Biella - Statistics

Statistiche generali
  • Questo quiz è stato fatto 16 volte
  • Il punteggio medio è 5 su 10
Statistiche sulle risposte
Popolazione (ab.) Città % Corretto
43 818 Biella
100%
14 810 Cossato
87%
7 952 Candelo
60%
3 899 Gaglianico
60%
3 927 Ponderano
40%
8 180 Vigliano Biellese
40%
3 625 Cavaglià
33%
3 980 Occhieppo Inferiore
33%
3 977 Mongrando
20%
12 067 Valdilana
20%
Nessun quiz corrispondente trovato
Distribuzione punteggi
Percentuale di utenti per punteggio
Percentile per numero di risposta
I tuoi punteggi nel tempo
Non hai fatto questo quiz